• 首页
  • 本馆介绍
  • 公告通知
  • 最新文献
  • 馆藏检索
  • 电子资源
  • 读者导购
  • 参考咨询
  • 我的图书馆
  • 登录
  • 详细信息显示
  • 放入我的书架
  • 预约/预借图书
  • 作者相关作品
  • 分类相关作品
  • 丛书相关作品
  • 出版社相关作品

书目信息

  • 表格格式
  • 工作单格式
  • 卡片格式
题名:
生态旅游资源
    
 
作者: 李俊清 , 石金莲 编著
分册:  
出版信息: 北京   中国林业出版社  2007
页数: 265页
开本: 23cm
丛书名: “生态旅游”系列丛书
单 册:
中图分类: F590.7
科图分类:
主题词: 生态型--旅游--旅游资源 , 生态型 , 旅游 , 旅游资源
电子资源:
ISBN: 7-5038-4546-5
000 01059oam2 2200313 450
001 003325870
005 20070807150020.31
010    @a7-5038-4546-5@dCNY29.00
035    @a003325870
100    @a20060104d2007 em y0chiy0110 ea
101 0  @achi
102    @aCN@b110000
105    @aa z 000yy
106    @ar
200 1  @a生态旅游资源@Asheng tai lv you zi yuan@f李俊清,石金莲编著@Fli jun qing, shi jin lian bian zhu
210    @a北京@c中国林业出版社@d2007
215    @a265页@c图@d23cm
225 2  @a“生态旅游”系列丛书@A“ sheng tai lu^ you” xi lie cong shu
330    @a本书主要讲述生态旅游资源的基础地位和作用,说明生态旅游资源的重要性;概述了国内外对生态旅游资源的界定,并对生态旅游资源做了新的界定等。
461  0 @1001002724205@12001 @a“生态旅游”系列丛书
606 0  @a生态型@x旅游@x旅游资源
606 0  @a生态型
606 0  @a旅游
606 0  @a旅游资源
690    @aF590.7@v4
701  0 @a李俊清@Ali jun qing@c(生态学)@4编著
701  0 @a石金莲@Ashi jin lian@4编著
801  0 @aCN@bNLC@c20070807
905    @dF590.7@e204@f1
    
    生态旅游资源/李俊清,石金莲编著.-北京:中国林业出版社,2007
    265页:图;23cm.-(“生态旅游”系列丛书)
    
    
    ISBN 7-5038-4546-5:CNY29.00
    本书主要讲述生态旅游资源的基础地位和作用,说明生态旅游资源的重要性;概述了国内外对生态旅游资源的界定,并对生态旅游资源做了新的界定等。
●
相关链接 在E读中查询图书 在五车中查询图书 在当当中查询图书 在豆瓣中查询图书


正题名:生态旅游资源     索取号:F590.7/204         预约/预借

序号 登录号 条形码 馆藏地/架位号 状态 备注
1 0853464   208534647   第一样本阅览室/ [索取号:F590.7/204] 在馆    
欢迎您!
大连网信软件有限公司© 版权所有